[Event "Chigorin Memorial 2014"]
[Site "St Petersburg RUS"]
[Date "2014.10.22"]
[Round "5.94"]
[White "Mamyrbay, Assad"]
[Black "Molchanova, Tatjana"]
[Result "0-1"]
[BlackTitle "WGM"]
[WhiteElo "2063"]
[BlackElo "2265"]
[WhiteFideId "13708880"]
[BlackFideId "4132203"]
[EventDate "2014.10.18"]

1. e4 e6 2. d4 d5 3. Nc3 Bb4 4. e5 Qd7 5. h4 b6 6. a3 Bxc3+ 7. bxc3 Ba6 8. Bxa6
Nxa6 9. a4 c5 10. Qd3 c4 11. Qg3 f5 12. Ne2 O-O-O 13. Nf4 Kb7 14. Nh5 g6 15. Nf4
Ne7 16. h5 Nc7 17. hxg6 hxg6 18. Rh4 Rdg8 19. Nh3 Rxh4 20. Qxh4 Nc6 21. Bg5 a5
22. Nf4 b5 23. axb5 Nxb5 24. Kd2 Ka6 25. Bh6 Nxc3 26. Kxc3 Qb7 27. Ra4 Qb1 28.
Nxe6 Nb4 29. Nc5+ Kb5 30. Kd2 Qxc2+ 31. Ke1 Nd3+ 32. Nxd3 cxd3 33. Rxa5+ Kxa5
34. Bd2+ Ka4 35. f3 Rb8 0-1

[Event "Chigorin Memorial 2014"]
[Site "St Petersburg RUS"]
[Date "2014.10.22"]
[Round "5.96"]
[White "Shapfiullin, Ildar"]
[Black "Pershin, Denis"]
[Result "1-0"]
[WhiteElo "2050"]
[BlackElo "2263"]
[WhiteFideId "4147146"]
[BlackFideId "24165506"]
[EventDate "2014.10.18"]

1. d4 Nf6 2. Nf3 e6 3. Bf4 c5 4. e3 d5 5. Nbd2 Nc6 6. c3 Bd6 7. Bg3 O-O 8. Bd3
Re8 9. Ne5 Bxe5 10. dxe5 Nd7 11. O-O g6 12. Bb5 Qb6 13. Qa4 a6 14. Bxc6 Qxc6 15.
Qf4 f5 16. exf6 Rf8 17. Nf3 Nxf6 18. Qh4 Ne4 19. Ne5 Qe8 20. Bf4 Rf5 21. g4 g5
22. Qh3 Rf8 23. Bg3 Nd2 24. Qh6 Qe7 25. Rfd1 Nf3+ 26. Nxf3 Rxf3 27. e4 dxe4 28.
Bd6 Qg7 29. Qxg7+ Kxg7 30. Bxc5 Rh3 31. Bd4+ Kg6 32. Be5 h5 33. gxh5+ Kf5 34.
Bg3 Rxh5 35. Rd8 b5 36. Rf8+ Kg4 37. Re8 Rh6 38. Re7 Kf3 39. Re1 a5 40. Re3+ Kg4
41. Rxe4+ Kf5 42. Re5+ Kf6 43. Re8 b4 44. Rc5 bxc3 45. Be5+ 1-0

[Event "Chigorin Memorial 2014"]
[Site "St Petersburg RUS"]
[Date "2014.10.22"]
[Round "5.98"]
[White "Tugarin, Anton"]
[Black "Zhuk, Valeriy"]
[Result "1-0"]
[WhiteElo "2242"]
[BlackElo "2076"]
[WhiteFideId "24151246"]
[BlackFideId "24151254"]
[EventDate "2014.10.18"]

1. c4 e6 2. Nf3 d5 3. g3 Nf6 4. Bg2 Be7 5. O-O O-O 6. b3 Nbd7 7. d4 c6 8. Qc2 b6
9. Nbd2 Bb7 10. e4 dxe4 11. Nxe4 c5 12. Nc3 cxd4 13. Nxd4 Bxg2 14. Kxg2 Qc7 15.
Qe2 Rfd8 16. Kg1 Nc5 17. Bf4 Qb7 18. Rad1 Nfe4 19. Nxe4 Nxe4 20. Qf3 Bc5 21. Be3
Rab8 22. Nb5 Bxe3 23. Qxe3 a6 24. Nd4 h6 25. f3 Nf6 26. a4 Rbc8 27. Rd3 Qe7 28.
Rfd1 Qc5 29. Nc2 Rxd3 30. Rxd3 Qxe3+ 31. Nxe3 b5 32. Rd6 bxa4 33. bxa4 a5 34.
Rb6 Ne8 35. Kf2 Kf8 36. Ke2 Ke7 37. Ra6 Rc5 38. Kd3 Nc7 39. Rb6 Kd7 40. Kd4 Rc6
41. Rb8 Na6 42. Rb5 Rd6+ 43. Kc3 Kc6 44. Nc2 Rd1 45. Nd4+ Kd7 46. Rxa5 Nc7 47.
Ra7 Kc8 48. Nb5 Nxb5+ 49. axb5 Rh1 50. Rxf7 g5 51. Kd4 Rxh2 52. Kc5 Rd2 53. Rh7
Rd3 54. Kc6 Rd8 55. Rxh6 e5 56. b6 Re8 57. Rg6 g4 58. Rxg4 Re6+ 59. Kb5 Rf6 60.
Rg8+ Kb7 1-0

[Event "Chigorin Memorial 2014"]
[Site "St Petersburg RUS"]
[Date "2014.10.22"]
[Round "5.99"]
[White "Rivonenko, Vladislav"]
[Black "Kosarev, Aleksey"]
[Result "0-1"]
[WhiteElo "2022"]
[BlackElo "2237"]
[WhiteFideId "24157660"]
[BlackFideId "24172960"]
[EventDate "2014.10.18"]

1. e4 e5 2. Nf3 Nf6 3. Nc3 Nc6 4. Bc4 Nxe4 5. Nxe4 d5 6. Bd3 dxe4 7. Bxe4 Bd6 8.
O-O O-O 9. h3 f5 10. Bd5+ Kh8 11. d3 Qf6 12. Re1 Bd7 13. c3 Rae8 14. Ng5 Qg6 15.
Qb3 Nd8 16. Qc2 c6 17. Bb3 f4 18. h4 h6 19. Ne4 f3 20. Ng3 e4 21. Rxe4 Rxe4 22.
dxe4 Bxg3 23. fxg3 f2+ 24. Kf1 Qxg3 25. Bxh6 Bh3 0-1

[Event "Chigorin Memorial 2014"]
[Site "St Petersburg RUS"]
[Date "2014.10.22"]
[Round "5.100"]
[White "Shapiro, David"]
[Black "Androsov, Sergey"]
[Result "1-0"]
[WhiteTitle "FM"]
[WhiteElo "2236"]
[BlackElo "2059"]
[WhiteFideId "24133523"]
[BlackFideId "4102681"]
[EventDate "2014.10.18"]

1. d4 Nf6 2. Nf3 e6 3. c4 d5 4. g3 c6 5. Bg2 Nbd7 6. Qc2 Bb4+ 7. Bd2 Qe7 8. O-O
dxc4 9. Qxc4 Bxd2 10. Nbxd2 O-O 11. Ne5 Qd6 12. Nxd7 Nxd7 13. Ne4 Qe7 14. f4 Nb6
15. Qc5 Qd7 16. Rad1 Nd5 17. Qc1 b6 18. Ng5 f6 19. Nf3 Ba6 20. Rfe1 Rac8 21. e4
Ne7 22. Bh3 Rc7 23. d5 cxd5 24. Bxe6+ Qxe6 25. Qxc7 dxe4 26. Nd4 Qf7 27. Rxe4
Nd5 28. Qxf7+ Kxf7 29. Nf5 Rd8 30. Red4 Bb7 31. Ne3 Nxe3 32. Rxd8 Nxd1 33. Rd7+
Kg6 34. Rxb7 Nxb2 35. Rxa7 Nc4 36. Rc7 Na5 37. Kf2 f5 38. Ke3 Kf6 39. Kd4 h6 40.
Kc3 b5 1-0

[Event "Chigorin Memorial 2014"]
[Site "St Petersburg RUS"]
[Date "2014.10.22"]
[Round "5.101"]
[White "Klukin, Kirill"]
[Black "Shemyakin, Valeriy"]
[Result "1-0"]
[WhiteElo "2234"]
[BlackElo "2054"]
[WhiteFideId "24199273"]
[BlackFideId "14132818"]
[EventDate "2014.10.18"]

1. d4 Nf6 2. Nf3 e6 3. c4 Bb4+ 4. Nbd2 O-O 5. a3 Bxd2+ 6. Qxd2 b6 7. e3 Bb7 8.
Be2 Ne4 9. Qc2 d6 10. b4 a5 11. Bb2 Ng5 12. Nd2 f5 13. f3 Nf7 14. O-O Nd7 15. e4
f4 16. Rac1 e5 17. c5 dxc5 18. dxc5 bxc5 19. bxc5 Ba6 20. Bxa6 Rxa6 21. Rfd1 Rh6
22. Nf1 Qe7 23. a4 Nb8 24. Qd2 Nc6 25. Qd7 Qh4 26. Qxc7 Ng5 27. Rd6 Rh5 28. Rc2
Nb4 29. Rcd2 Nf7 30. Rd7 Qe1 31. Qxa5 Nc2 32. Qc3 Ne3 33. Rf2 Qb1 34. Bc1 Ng5
35. Bxe3 fxe3 36. Qxe3 Ne6 37. c6 Rc8 38. c7 Rxc7 39. Rxc7 Nxc7 40. Qc3 Ne6 41.
Rb2 Qd1 42. a5 Nf4 43. Qc8+ Kf7 44. Rb7+ Kg6 45. Rb6+ 1-0

[Event "Chigorin Memorial 2014"]
[Site "St Petersburg RUS"]
[Date "2014.10.22"]
[Round "5.102"]
[White "Stepanov, Andrey"]
[Black "Pletnev, Evgeniy"]
[Result "0-1"]
[WhiteElo "2012"]
[BlackElo "2234"]
[WhiteFideId "24198730"]
[BlackFideId "24104140"]
[EventDate "2014.10.18"]

1. e4 d5 2. exd5 Qxd5 3. Nc3 Qd8 4. d4 Nf6 5. Nf3 Bg4 6. Be3 e6 7. h3 Bxf3 8.
Qxf3 c6 9. Bd3 Nbd7 10. O-O Bd6 11. Ne4 Nxe4 12. Qxe4 Nf6 13. Qh4 h6 14. Rad1
Qa5 15. f4 O-O-O 16. a3 Nd5 17. Bc1 g5 18. fxg5 hxg5 19. Qxg5 Rdg8 20. Qd2 Qb6
21. Be4 Rxh3 22. Rxf7 Rh4 23. Bxd5 cxd5 24. Qf2 Rgh8 25. Qe2 Bg3 26. Rf8+ Rxf8
27. Rd3 Bf2+ 0-1

[Event "Chigorin Memorial 2014"]
[Site "St Petersburg RUS"]
[Date "2014.10.22"]
[Round "5.103"]
[White "Davydov, Sergey P."]
[Black "Pronin, Vladimir"]
[Result "1-0"]
[WhiteTitle "FM"]
[WhiteElo "2228"]
[BlackElo "2053"]
[WhiteFideId "4123182"]
[BlackFideId "4125487"]
[EventDate "2014.10.18"]

1. d4 f5 2. Bf4 Nf6 3. e3 e6 4. Nf3 d5 5. Nbd2 Be7 6. h3 O-O 7. Bd3 c6 8. c4 Ne4
9. O-O Bd7 10. Ne5 Be8 11. f3 Nxd2 12. Qxd2 Bg5 13. Bxg5 Qxg5 14. f4 Qe7 15.
Rac1 Nd7 16. cxd5 exd5 17. Qc2 g6 18. g3 Nxe5 19. fxe5 Bd7 20. b4 a5 21. Qc5 Qd8
22. b5 Re8 23. Kh2 b6 24. Qc3 Rc8 25. bxc6 Rxc6 26. Qb3 Rxc1 27. Qxd5+ Be6 28.
Qxd8 Rxd8 29. Rxc1 Rc8 30. Rxc8+ Bxc8 31. Bc4+ Kf8 32. d5 Ke7 33. Kg2 1-0

[Event "Chigorin Memorial 2014"]
[Site "St Petersburg RUS"]
[Date "2014.10.22"]
[Round "5.104"]
[White "Egorov, Daniil"]
[Black "Semenova, Irina"]
[Result "1/2-1/2"]
[BlackTitle "WGM"]
[WhiteElo "1974"]
[BlackElo "2220"]
[WhiteFideId "24171956"]
[BlackFideId "4118367"]
[EventDate "2014.10.18"]

1. e4 e5 2. Nf3 Nc6 3. Bb5 a6 4. Ba4 d6 5. O-O Bd7 6. d4 b5 7. Bb3 exd4 8. Bd5
Rb8 9. Bxc6 Bxc6 10. Nxd4 Bd7 11. Re1 Be7 12. e5 dxe5 13. Rxe5 c5 14. Nf3 Be6
15. Qxd8+ Rxd8 16. Re1 Nf6 17. Nc3 h6 18. Ne5 O-O 19. Nc6 Rd7 20. Nxe7+ Rxe7 21.
Ne4 Nxe4 22. Rxe4 Rd8 23. Re1 Bf5 24. Be3 Bxc2 25. Bxc5 Rxe1+ 26. Rxe1 Bf5 27.
Be3 Be6 28. a3 Bc4 29. h3 Rd3 30. Kh2 a5 31. Rc1 a4 32. Rc2 Rd5 33. Rd2 Bd3 34.
Kg3 Kf8 35. f4 Ke7 36. Kf3 Ke6 37. g3 h5 38. Bf2 Be4+ 39. Ke3 Bg2 40. Rxd5 Kxd5
41. h4 1/2-1/2

[Event "Chigorin Memorial 2014"]
[Site "St Petersburg RUS"]
[Date "2014.10.22"]
[Round "5.105"]
[White "Monin, Nikolay"]
[Black "Opanasenko, Mikhail"]
[Result "1-0"]
[WhiteTitle "IM"]
[WhiteElo "2209"]
[BlackElo "2048"]
[WhiteFideId "4104013"]
[BlackFideId "24176834"]
[EventDate "2014.10.18"]

1. Nf3 c5 2. c4 Nc6 3. g3 e5 4. Nc3 g6 5. Bg2 Bg7 6. O-O Nge7 7. Rb1 d6 8. a3
O-O 9. b4 f5 10. Ne1 Rb8 11. b5 Nd4 12. e3 Ne6 13. d3 f4 14. Nc2 b6 15. Nd5 Nxd5
16. cxd5 fxg3 17. dxe6 gxh2+ 18. Kh1 Bxe6 19. f4 exf4 20. exf4 Ba2 21. Rb2 Bxb2
22. Bxb2 Be6 23. Qe1 Qd7 24. Qc3 d5 25. Qh8+ Kf7 26. Qxh7+ Ke8 27. Qxg6+ Kd8 28.
Be5 Rb7 29. Ne3 d4 30. Nc4 Qe7 31. Bd6 1-0

[Event "Chigorin Memorial 2014"]
[Site "St Petersburg RUS"]
[Date "2014.10.22"]
[Round "5.106"]
[White "Bivol, Alina"]
[Black "Trapeznikova, Darya"]
[Result "1-0"]
[WhiteTitle "WIM"]
[WhiteElo "2208"]
[BlackElo "2036"]
[WhiteFideId "4100123"]
[BlackFideId "24121118"]
[EventDate "2014.10.18"]

1. e4 e5 2. Nf3 Nf6 3. Nc3 Nc6 4. g3 Bc5 5. Bg2 O-O 6. d3 d6 7. Na4 Bb6 8. Nxb6
axb6 9. O-O h6 10. h3 Be6 11. Nh4 d5 12. f3 g5 13. Nf5 Bxf5 14. exf5 Qd7 15. g4
d4 16. h4 Nh7 17. hxg5 hxg5 18. Kf2 Nb4 19. Bd2 Nd5 20. Rh1 f6 21. Rh6 Rf7 22.
a3 c6 23. Qh1 Rg7 24. Bf1 b5 25. Be2 Qe7 26. Rc1 Qc5 27. Qh2 Qe7 28. Rh1 c5 29.
Rg6 Kh8 30. Bd1 c4 31. Qh6 Rf8 32. dxc4 bxc4 33. Be2 c3 34. bxc3 dxc3 35. Rxg7
Qxg7 36. Qxg7+ Kxg7 37. Be3 Rc8 38. Rd1 Nxe3 39. Rd7+ Kg8 40. Kxe3 Ra8 41. Bc4+
Kh8 42. Rxb7 1-0

[Event "Chigorin Memorial 2014"]
[Site "St Petersburg RUS"]
[Date "2014.10.22"]
[Round "5.107"]
[White "Pustovidko, Anastasia"]
[Black "Bebchuk, Boris"]
[Result "1-0"]
[WhiteElo "1955"]
[BlackElo "2204"]
[WhiteFideId "24102547"]
[BlackFideId "24129640"]
[EventDate "2014.10.18"]

1. c4 Nf6 2. g3 c6 3. Bg2 d5 4. Nf3 e6 5. O-O Be7 6. d4 O-O 7. Nc3 b6 8. cxd5
exd5 9. Bf4 Re8 10. Rc1 Bb7 11. a3 Nbd7 12. b4 b5 13. Bh3 Nb6 14. Nxb5 Bxb4 15.
Nc7 Bxa3 16. Ra1 Bf8 17. Nxa8 Qxa8 18. Bc7 Bc8 19. Bxc8 Nxc8 20. e3 Qb7 21. Ba5
Qd7 22. Kg2 h6 23. Qc2 Qe6 24. Rfc1 Nd6 25. Qxc6 Nfe4 26. Be1 a5 27. Qa6 g5 28.
Qe2 g4 29. Ne5 h5 30. f3 Ng5 31. fxg4 f6 32. h4 fxe5 33. dxe5 Nde4 34. hxg5 hxg4
35. Rxa5 Nxg5 36. Ra4 Nf3 37. Rxg4+ Qxg4 38. Qxf3 Qxf3+ 39. Kxf3 Rxe5 40. Rc8
Kf7 41. Bc3 Rf5+ 42. Kg4 Rf1 43. Be5 Be7 44. Rc6 Rf2 45. Bf4 Rh2 46. Ra6 Rh1 47.
Kf3 Rc1 48. Ke2 Rg1 49. Be5 Rg2+ 50. Kf3 Rg1 51. Rh6 Rf1+ 52. Kg4 Bf8 53. Rh5
Bc5 54. Bf4 Rd1 55. Kf5 d4 56. Rh7+ Ke8 57. Rc7 Be7 58. Ke6 dxe3 59. Rxe7+ Kf8
60. Kf6 e2 61. Rxe2 Rb1 62. Bd6+ Kg8 63. Kg6 1-0

[Event "Chigorin Memorial 2014"]
[Site "St Petersburg RUS"]
[Date "2014.10.22"]
[Round "5.108"]
[White "Minasyan, Arnold"]
[Black "Grachev, Andrey"]
[Result "1-0"]
[WhiteElo "2204"]
[BlackElo "2029"]
[WhiteFideId "13303783"]
[BlackFideId "24138290"]
[EventDate "2014.10.18"]

1. e4 e5 2. Nf3 Nc6 3. Bc4 Bc5 4. c3 Nf6 5. d4 exd4 6. e5 d5 7. Bb5 Ne4 8. cxd4
Bb6 9. Be3 O-O 10. Nc3 Bd7 11. Bxc6 bxc6 12. Nxe4 dxe4 13. Ng5 Ba5+ 14. Kf1 Bf5
15. g4 Bg6 16. h4 h6 17. h5 Bh7 18. Nxh7 Kxh7 19. Qa4 Qd5 20. Rc1 Qb5+ 21. Rc4
Qxa4 22. Rxa4 Bb6 23. Ke2 f6 24. Rc1 f5 25. gxf5 Rxf5 26. Rh1 Rd8 27. Rc4 Rd5
28. Rxc6 Bxd4 29. Rd1 Bxe3 30. Rxd5 Bb6 31. Kd1 Bxf2 32. Rxc7 Bg3 33. Rc4 Rf1+
34. Kd2 Re1 35. e6 e3+ 36. Kc2 e2 37. Re4 Bf4 38. Kb3 Rd1 39. Rxe2 Rxd5 40. e7
Rb5+ 41. Kc4 Rb8 42. e8=Q Rxe8 43. Rxe8 1-0

[Event "Chigorin Memorial 2014"]
[Site "St Petersburg RUS"]
[Date "2014.10.22"]
[Round "5.109"]
[White "Fedoseeva, Valentina"]
[Black "Abdusattorova, Bakhora"]
[Result "0-1"]
[BlackTitle "WFM"]
[WhiteElo "1946"]
[BlackElo "2102"]
[WhiteFideId "4169875"]
[BlackFideId "14204126"]
[EventDate "2014.10.18"]

1. e4 e5 2. Nf3 Nc6 3. Bc4 Bc5 4. c3 Nf6 5. d3 O-O 6. O-O d5 7. exd5 Nxd5 8. Re1
Bg4 9. h3 Bh5 10. g4 Bg6 11. Nxe5 Nxe5 12. Rxe5 c6 13. Qf3 Bd6 14. Re1 Re8 15.
Be3 Nxe3 16. fxe3 Qh4 17. Rf1 Qe7 18. e4 Qe5 19. Rf2 b5 20. Bb3 b4 21. Kf1 Re7
22. h4 h5 23. gxh5 Bxh5 24. Qf5 bxc3 25. Nxc3 Bc5 26. Qxe5 Rxe5 27. Rg2 Rd8 28.
Rg3 Be7 29. Nd1 Bxh4 30. Rh3 Be7 31. Nf2 Bc5 32. Rc1 Rd6 33. Rc4 Bd4 34. Rb4 Bb6
35. Bc2 Rg5 36. d4 Rdg6 37. Ke1 Ba5 38. Rb3 Rg1+ 39. Kd2 R1g2 40. Kc1 Bxb4 41.
Rxb4 Rxf2 0-1

[Event "Chigorin Memorial 2014"]
[Site "St Petersburg RUS"]
[Date "2014.10.22"]
[Round "5.110"]
[White "Gogin, Maksim"]
[Black "Snetkov, Ivan"]
[Result "1/2-1/2"]
[WhiteElo "2201"]
[BlackElo "2011"]
[WhiteFideId "24195871"]
[BlackFideId "24176443"]
[EventDate "2014.10.18"]

1. d4 d5 2. Nf3 Nf6 3. c4 c6 4. Qb3 dxc4 5. Qxc4 Bf5 6. g3 e6 7. Bg2 Nbd7 8. O-O
Be7 9. Nc3 O-O 10. Re1 Bg6 11. e4 b5 12. Qxc6 b4 13. e5 bxc3 14. exf6 cxb2 15.
fxe7 bxa1=Q 16. exd8=Q Raxd8 17. Bg5 Qb2 18. Bxd8 Rxd8 19. d5 Nf8 20. dxe6 Nxe6
21. Bf1 h6 22. Bc4 Bf5 23. Bb3 Bh3 24. Qe4 Qc3 25. g4 Rd3 26. Ne5 Rd4 27. Qe3
Qxe3 28. Rxe3 Nf4 29. Nxf7 Kh7 30. Ne5 Rd2 31. Nd3 Ne2+ 32. Kh1 Bxg4 33. Kg2 Bh5
34. Bc4 Rc2 35. Ne5 Nf4+ 36. Kg3 g5 37. Ra3 Rc1 38. Rxa7+ Kh8 39. f3 Rc2 40. Bf1
Rc1 41. Kf2 Rc2+ 42. Ke3 Nd5+ 43. Kd4 Rd2+ 44. Ke4 Rxa2 45. Rb7 Nf4 46. h4 Ra4+
47. Bc4 Bg6+ 1/2-1/2

[Event "Chigorin Memorial 2014"]
[Site "St Petersburg RUS"]
[Date "2014.10.22"]
[Round "5.111"]
[White "Filyanin, Daniil"]
[Black "Vorobjev, Dmitry"]
[Result "0-1"]
[WhiteElo "1947"]
[BlackElo "2199"]
[WhiteFideId "24177300"]
[BlackFideId "24112178"]
[EventDate "2014.10.18"]

1. e4 c5 2. Nf3 d6 3. d4 Nf6 4. dxc5 Nxe4 5. cxd6 Nc6 6. Be3 Nxd6 7. Nc3 g6 8.
Nb5 Bg7 9. Nxd6+ exd6 10. c3 O-O 11. Be2 d5 12. O-O Bg4 13. Qa4 d4 14. Rad1 Bd7
15. Bg5 Qe8 16. Rfe1 dxc3 17. Bb5 Qc8 18. Qh4 Bg4 19. Bxc6 bxc6 20. bxc3 Bxf3
21. gxf3 Bxc3 22. Re7 Re8 23. Qc4 Qf5 24. Qg4 Qxg4+ 25. fxg4 Rxe7 26. Bxe7 Ba5
27. Rd7 Bb6 28. Kf1 c5 29. f4 c4 30. Ke2 Rc8 31. Kd2 Bc7 32. f5 gxf5 33. gxf5
Kg7 34. h4 h5 35. f6+ Kg6 36. Rd5 c3+ 37. Kc2 Bf4 38. Rd7 Bg3 39. Rxa7 Bxh4 40.
Rd7 Rc6 41. Rd3 Bxf6 42. Rg3+ Kf5 43. Rf3+ Kg5 44. Bxf6+ Rxf6 45. Rg3+ Kf4 46.
Rxc3 h4 47. Kd2 Kg4 48. Ke2 h3 49. Rc4+ Kg3 50. Rc3+ Kg2 51. Rc5 Re6+ 52. Kd2
Rg6 0-1

[Event "Chigorin Memorial 2014"]
[Site "St Petersburg RUS"]
[Date "2014.10.22"]
[Round "5.112"]
[White "Sukhareva, Evgeniya"]
[Black "Gantsevich, Aleksei"]
[Result "1-0"]
[WhiteElo "2196"]
[BlackElo "1955"]
[WhiteFideId "4167155"]
[BlackFideId "24131610"]
[EventDate "2014.10.18"]

1. d4 Nf6 2. c4 g6 3. Nf3 Bg7 4. g3 d6 5. Bg2 O-O 6. Nc3 Nbd7 7. O-O e5 8. h3 c6
9. e4 Qb6 10. dxe5 dxe5 11. b3 Qc7 12. Ba3 Re8 13. Bd6 Qa5 14. b4 Qa3 15. Qd2
Bf8 16. Bxf8 Nxf8 17. Rfb1 b6 18. Bf1 Bd7 19. c5 b5 20. Qe3 Kg7 21. Rb3 Qa6 22.
Rd1 Qc8 23. Kh2 Be6 24. Rb2 N6d7 25. Rd6 f6 26. a4 a6 27. h4 h5 28. Nd2 Ra7 29.
axb5 axb5 30. Nxb5 cxb5 31. c6 Ra1 32. cxd7 Bxd7 33. Qd3 Rc1 34. Nb3 Rc3 35. Qd2
Rc7 36. Nc5 Bc6 37. Qd1 Qa8 38. Qf3 f5 39. Qe3 Qa1 40. Qe2 Bxe4 41. Rd1 Qa3 42.
Rb3 Qa7 43. Qxb5 Rb8 44. Qc4 Qa2 45. Kg1 Qc2 46. Rc1 Qd2 47. Rbc3 Bd5 48. Qa6
Ra8 49. Qd6 Rca7 50. Nb3 Qb2 51. Qxd5 Ra2 52. Qxe5+ Kh6 53. Qe3+ Kg7 54. Rc7+ 1-0

[Event "Chigorin Memorial 2014"]
[Site "St Petersburg RUS"]
[Date "2014.10.22"]
[Round "5.113"]
[White "Tarasov, Alexandr"]
[Black "Dushin, Nikolay"]
[Result "1-0"]
[WhiteElo "2191"]
[BlackElo "1947"]
[WhiteFideId "24128600"]
[BlackFideId "4114612"]
[EventDate "2014.10.18"]

1. d4 Nf6 2. c4 e6 3. Nf3 Bb4+ 4. Nbd2 b6 5. a3 Bxd2+ 6. Qxd2 O-O 7. g3 Bb7 8.
Bg2 d5 9. cxd5 Bxd5 10. O-O Nbd7 11. b4 c5 12. Bb2 Ne4 13. Qe3 cxb4 14. axb4 Nd6
15. Qf4 Nb5 16. e4 Bc4 17. Rfc1 Rc8 18. Nd2 e5 19. Qf3 Be6 20. d5 Nf6 21. Bxe5
Bd7 22. Bb2 Qe7 23. Qb3 Rxc1+ 24. Rxc1 Rc8 25. Rxc8+ Bxc8 26. e5 Ne8 27. Qc4 Bd7
28. d6 Qd8 29. Bd5 Kf8 30. Ne4 a6 31. Bxf7 g6 32. Bg8 1-0

[Event "Chigorin Memorial 2014"]
[Site "St Petersburg RUS"]
[Date "2014.10.22"]
[Round "5.114"]
[White "Zhikharev, Valeriy"]
[Black "Makarevich, Julia"]
[Result "1-0"]
[WhiteElo "2188"]
[BlackElo "1934"]
[WhiteFideId "4161920"]
[BlackFideId "24115096"]
[EventDate "2014.10.18"]

1. d4 Nf6 2. Nc3 g6 3. e4 d6 4. Be2 Bg7 5. h4 h5 6. Nh3 Nbd7 7. Ng5 e5 8. d5 Nh7
9. Nxh7 Rxh7 10. Be3 Bf6 11. g3 a5 12. Qd3 Be7 13. Na4 Kf8 14. a3 Nc5 15. Nxc5
dxc5 16. Qc3 Qd6 17. f4 f6 18. O-O-O b6 19. Rhf1 Kg8 20. fxe5 fxe5 21. Qd2 Bh3
22. Rf2 Rf8 23. Rxf8+ Bxf8 24. Bg5 Rf7 25. Qe3 Qd7 26. Rh1 b5 27. Rh2 b4 28. a4
Bf1 29. b3 Bxe2 30. Qxe2 Bd6 31. Be3 c4 32. Qxc4 Rf3 33. Bg5 Rxg3 34. Rh1 Qg4
35. Kb2 Rc3 36. Qb5 c6 37. dxc6 Qxe4 38. Rh2 Rxc6 39. Qxa5 Qd4+ 40. Ka2 Rc8 41.
Qa6 Qc5 42. Rd2 Rc6 43. Qa8+ Rc8 44. Qe4 Kg7 45. Rg2 Rg8 46. Be3 1-0

[Event "Chigorin Memorial 2014"]
[Site "St Petersburg RUS"]
[Date "2014.10.22"]
[Round "5.115"]
[White "Denishev, Marat"]
[Black "Rygg, Snorre"]
[Result "1-0"]
[WhiteElo "2183"]
[BlackElo "1849"]
[WhiteFideId "24131563"]
[BlackFideId "1516035"]
[EventDate "2014.10.18"]

1. d4 f5 2. Bg5 g6 3. Nc3 Bg7 4. e4 fxe4 5. Nxe4 Nf6 6. Bd3 Nc6 7. c3 O-O 8. Ne2
Nxe4 9. Bxe4 Qe8 10. O-O e5 11. d5 Nd8 12. d6 cxd6 13. Qxd6 Kh8 14. Be3 Rf6 15.
Qd2 a5 16. c4 Raa6 17. Nc3 d6 18. Nb5 Qd7 19. Rfd1 Nf7 20. Nc3 Qd8 21. Nd5 Re6
22. a3 Bd7 23. b4 Rc6 24. Rac1 b5 25. cxb5 Rxc1 26. Rxc1 Qb8 27. b6 1-0

[Event "Chigorin Memorial 2014"]
[Site "St Petersburg RUS"]
[Date "2014.10.22"]
[Round "5.116"]
[White "Vunder, Andrey"]
[Black "Matchenya, Ivan"]
[Result "1-0"]
[WhiteElo "2181"]
[BlackElo "1659"]
[WhiteFideId "4128338"]
[BlackFideId "34120120"]
[EventDate "2014.10.18"]

1. d4 Nf6 2. Bf4 g6 3. e3 Bg7 4. Nf3 O-O 5. Be2 d6 6. h3 c5 7. c3 Nbd7 8. Nbd2
Nb6 9. O-O h6 10. dxc5 dxc5 11. e4 Be6 12. Qc2 Qe8 13. a4 a6 14. Rfd1 Rc8 15. a5
Nbd7 16. Bc4 Bxc4 17. Nxc4 g5 18. Bh2 g4 19. Nh4 Rc6 20. e5 Nh7 21. hxg4 Re6 22.
Rd5 Qc8 23. Rad1 Nb8 24. Nf5 Re8 25. Qd2 Nf8 26. Qe3 Nbd7 27. Bf4 Kh7 28. Qh3
Rg6 29. Nh4 Re6 30. Qd3+ Kh8 31. Rxd7 Nxd7 32. Qxd7 Qb8 33. Nf5 Kg8 34. Qd2 Kh7
35. Qd3 Kg8 36. Qe3 Kh7 37. Qe4 Kg8 38. Rd7 Kh8 39. Qxb7 Qxb7 40. Rxb7 Kg8 41.
Rb6 1-0

[Event "Chigorin Memorial 2014"]
[Site "St Petersburg RUS"]
[Date "2014.10.22"]
[Round "5.117"]
[White "Babanin, Gleb"]
[Black "Kozlitin, Oleg"]
[Result "0-1"]
[BlackTitle "IM"]
[WhiteElo "1883"]
[BlackElo "2348"]
[WhiteFideId "34152536"]
[BlackFideId "4143590"]
[EventDate "2014.10.18"]

1. e4 c5 2. Nf3 d6 3. d4 cxd4 4. Nxd4 Nf6 5. Nc3 a6 6. Be2 e5 7. Nb3 Be7 8. O-O
O-O 9. Be3 Be6 10. f4 exf4 11. Bxf4 Nc6 12. Qd2 Ne8 13. Nd5 Bxd5 14. exd5 Ne5
15. Nd4 g6 16. Rad1 Nf6 17. c4 Rc8 18. b3 Nfd7 19. Bd3 Re8 20. Bb1 Bf6 21. Rde1
Qb6 22. Kh1 Nxc4 23. Rxe8+ Rxe8 24. bxc4 Bxd4 25. Bxd6 Qxd6 26. Qxd4 b6 27. g4
Re2 28. Qg1 Ne5 29. Rf4 Nxc4 30. Rd4 Ne3 31. h4 Qa3 0-1

[Event "Chigorin Memorial 2014"]
[Site "St Petersburg RUS"]
[Date "2014.10.22"]
[Round "5.118"]
[White "Batyuk, Artem"]
[Black "Grachev, Alexey"]
[Result "1-0"]
[WhiteElo "2324"]
[BlackElo "2065"]
[WhiteFideId "34115088"]
[BlackFideId "4159926"]
[EventDate "2014.10.18"]

1. e4 c5 2. Nf3 e6 3. b3 Nc6 4. Bb5 d6 5. O-O Nf6 6. Bxc6+ bxc6 7. Nc3 e5 8. d3
Be7 9. Qe2 O-O 10. h3 Ne8 11. Nd1 f5 12. c3 a5 13. Re1 a4 14. Bb2 axb3 15. axb3
Rxa1 16. Bxa1 Be6 17. Nd2 fxe4 18. dxe4 Qb6 19. Ne3 Bh4 20. Nf3 Be7 21. Rb1 Nc7
22. Nd2 Nb5 23. Nec4 Qa6 24. Bb2 Bh4 25. Nf3 Be7 26. Ra1 Qb7 27. Ncd2 Bf6 28. c4
Nd4 29. Bxd4 cxd4 30. Qd3 Rb8 31. g4 h6 32. Kg2 d5 33. Kg3 Qb4 34. Qc2 Bg5 35.
cxd5 Bf4+ 36. Kg2 cxd5 37. Qc6 Qb6 38. Ra6 Qxc6 39. Rxc6 Bf7 40. Rc5 dxe4 41.
Nxe4 Bg6 42. Ng3 d3 43. Nxe5 d2 44. Nxg6 d1=Q 45. Nxf4 Rxb3 46. Nfe2 Qd3 47. Rf5
g6 48. Rf4 Qd5+ 49. Kh2 Rf3 50. Kg1 Qd1+ 51. Kg2 Ra3 52. Rd4 Qb3 53. Rf4 Qb8 54.
Rf6 Kg7 55. Rf4 Ra2 56. Kg1 Qb5 57. Re4 Kf7 58. Kh2 Ra4 59. Re3 h5 60. Nc3 Qd7
61. Nxa4 Qxa4 62. gxh5 gxh5 63. Nxh5 Kg6 64. Ng3 Qc2 65. Kg2 Qc6+ 66. Re4 Kg5
67. h4+ Kg6 68. h5+ Kg5 69. f3 Qc2+ 70. Kh3 Qc8+ 71. Rg4+ Kh6 72. f4 Qd7 73. f5
Qc8 74. Rg6+ Kh7 75. Rg5 Kh6 76. Ne4 Qc4 77. Rg6+ Kh7 78. Nf6+ Kh8 79. Rg8+ 1-0